New edition of the Green Book launched (Record no. 71963)

MARC details
000 -LEADER
fixed length control field 01004cam a2200181 4500
001 - CONTROL NUMBER
control field WB3903-06
008 - FIXED-LENGTH DATA ELEMENTS--GENERAL INFORMATION
fixed length control field 030123n2003 000 0 eng u
035 ## - SYSTEM CONTROL NUMBER
System control number (Sirsi) u121103
245 ## - TITLE STATEMENT
Title New edition of the Green Book launched
260 ## - PUBLICATION, DISTRIBUTION, ETC.
Date of publication, distribution, etc. 2003
490 ## - SERIES STATEMENT
Series statement HM Treasury Press Release
Volume/sequential designation (04/03) 16 January 2003, (2)
520 ## - SUMMARY, ETC.
Summary, etc. The HM Treasury has launched a new version of "Appraisal and evaluation in central government", which is the public sector guide on value for money. This is also known as the 'Green Book'. This follows a period of consultation on the revised draft, which ended on 18 October 2002. It confirms a 3.5% basic discount rate for calculating the current value of long-term transactions.The new requirements come into effect in April 2003. http://www.hm-treasury.gov.uk/Newsroom_and_Speeches/Press/2003/press_04_03.cfm?
590 ## - LOCAL NOTE (RLIN)
Local note WB
650 ## - SUBJECT ADDED ENTRY--TOPICAL TERM
Topical term or geographic name entry element GREEN BOOK
650 ## - SUBJECT ADDED ENTRY--TOPICAL TERM
Topical term or geographic name entry element VALUE FOR MONEY
690 ## - LOCAL SUBJECT ADDED ENTRY--TOPICAL TERM (OCLC, RLIN)
Topical term or geographic name as entry element MANAGEMENT-BUSINESS MANAGEMENT-FINANCIAL MANAGEMENT
942 ## - ADDED ENTRY ELEMENTS (KOHA)
Suppress in OPAC 0
Holdings
Withdrawn status Lost status Source of classification or shelving scheme Damaged status Not for loan Home library Current library Shelving location Date acquired Total Checkouts Full call number Barcode Date last seen Copy number Price effective from Koha item type
    Dewey Decimal Classification     London London News article 23/01/2003   WB3903-06 121103-1001 06/08/2019 1 06/08/2019 News article